Management contractor collateral warranty for a purchaser or tenant : (Record no. 121812)
[ view plain ]
| 000 -LEADER | |
|---|---|
| fixed length control field | 00933nam a2200277 a 4500 |
| 001 - CONTROL NUMBER | |
| control field | 990169375040107026 |
| 003 - CONTROL NUMBER IDENTIFIER | |
| control field | UkOxU |
| 005 - DATE AND TIME OF LATEST TRANSACTION | |
| control field | 20240228153254.0 |
| 008 - FIXED-LENGTH DATA ELEMENTS--GENERAL INFORMATION | |
| fixed length control field | 240228s2008 enkk 000 0 eng c |
| 020 ## - INTERNATIONAL STANDARD BOOK NUMBER | |
| International Standard Book Number | 9780418851302 (pbk.) |
| 042 ## - AUTHENTICATION CODE | |
| Authentication code | ukscp |
| 245 00 - TITLE STATEMENT | |
| Title | Management contractor collateral warranty for a purchaser or tenant : |
| Remainder of title | MCWa/P&T : 2008 / |
| Statement of responsibility, etc. | JCT. |
| 246 17 - VARYING FORM OF TITLE | |
| Title proper/short title | MCWa/P&T |
| 260 ## - PUBLICATION, DISTRIBUTION, ETC. | |
| Place of publication, distribution, etc. | London : |
| Name of publisher, distributor, etc. | Sweet & Maxwell, |
| Date of publication, distribution, etc. | 2008. |
| 300 ## - PHYSICAL DESCRIPTION | |
| Extent | ii, 17 p. : |
| Other physical details | forms ; |
| Dimensions | 30 cm. |
| 490 ## - SERIES STATEMENT | |
| Series statement | JCT Contracts 2008 |
| 500 ## - GENERAL NOTE | |
| General note | "Management building contract." |
| 500 ## - GENERAL NOTE | |
| General note | Title from cover. |
| 650 #0 - SUBJECT ADDED ENTRY--TOPICAL TERM | |
| Topical term or geographic name entry element | Warranty |
| Geographic subdivision | England. |
| 650 #0 - SUBJECT ADDED ENTRY--TOPICAL TERM | |
| Topical term or geographic name entry element | Warranty |
| Geographic subdivision | Wales. |
| 650 #0 - SUBJECT ADDED ENTRY--TOPICAL TERM | |
| Topical term or geographic name entry element | Construction industry |
| General subdivision | Law and legislation |
| Geographic subdivision | England. |
| 650 #0 - SUBJECT ADDED ENTRY--TOPICAL TERM | |
| Topical term or geographic name entry element | Construction industry |
| General subdivision | Law and legislation |
| Geographic subdivision | Wales. |
| 650 #0 - SUBJECT ADDED ENTRY--TOPICAL TERM | |
| Topical term or geographic name entry element | Management contracts |
| Geographic subdivision | England. |
| 650 #0 - SUBJECT ADDED ENTRY--TOPICAL TERM | |
| Topical term or geographic name entry element | Management contracts |
| Geographic subdivision | Wales. |
| 710 2# - ADDED ENTRY--CORPORATE NAME | |
| Corporate name or jurisdiction name as entry element | Joint Contracts Tribunal. |
| Withdrawn status | Lost status | Damaged status | Not for loan | Home library | Current library | Shelving location | Date acquired | Total Checkouts | Full call number | Date last seen | Price effective from | Koha item type |
|---|---|---|---|---|---|---|---|---|---|---|---|---|
| London | London | Boxed set | 28/02/2024 | JCT 2008/5 | 28/02/2024 | 28/02/2024 | Book |